[Event "PRO League Atlantic 2017"]
[Site "chess.com INT"]
[Date "2017.02.01"]
[Round "4"]
[White "Gurevich, Daniel"]
[Black "Mareco, Sandro"]
[Result "0-1"]
[WhiteTitle "IM"]
[BlackTitle "GM"]
[WhiteElo "2455"]
[BlackElo "2645"]
[WhiteTeam "Atlanta Kings"]
[BlackTeam "Buenos Aires Krakens"]
[WhiteFideId "2044676"]
[BlackFideId "112275"]
[EventDate "2017.01.11"]

1. e4 c5 2. Nf3 e6 3. d4 cxd4 4. Nxd4 a6 5. Nc3 Qc7 6. Bd3 Nf6 7. f4 d6 8. Qf3
Be7 9. g4 b5 10. Be3 Bb7 11. g5 Nfd7 12. O-O-O Nc6 13. Nxc6 Bxc6 14. Bd4 b4 15.
Nd5 exd5 16. exd5 Bb7 17. Rhe1 Nc5 18. Bxg7 O-O-O 19. Bf5+ Kb8 20. Bxh8 Rxh8 21.
Qh5 Bd8 22. Qh6 f6 23. g6 Bc8 24. Bxc8 Kxc8 25. g7 Rg8 26. Rg1 f5 27. Qxh7 Qf7
28. h4 Bf6 29. Qxf5+ Kc7 30. Qg6 Rxg7 31. Qxf7+ Rxf7 32. h5 Na4 33. Rg4 Bxb2+
34. Kd2 Nc3 35. Rh1 Nxd5 36. h6 Nf6 37. Rg6 Kd7 38. Kd3 Nd5 39. Kc4 Rxf4+ 40.
Kb3 Be5 41. h7 Rf3+ 42. Kc4 Kc6 43. Rxd6+ Kxd6 44. Rh6+ Ke7 45. Kxd5 Bh8 46.
Rxa6 Kf7 47. Rb6 Rf4 48. Kc5 Bd4+ 49. Kb5 Bc3 50. Rb8 Rh4 51. Ka4 Rh2 52. Kb3
Rh3 53. Kc4 Kg6 54. h8=Q Bxh8 55. Kxb4 Be5 56. Rb6+ Kf5 57. c4 Ke4 58. a4 Rh1
59. Re6 Kd4 60. Re8 Rb1+ 61. Ka5 Bc7+ 62. Ka6 Rb6+ 63. Ka7 Rb4 64. a5 Bxa5 65.
Rh8 Bb6+ 66. Ka6 Kxc4 67. Rh4+ Bd4 68. Rh1 Kd5 69. Ka5 Rb7 70. Rh5+ Kc4 71. Ka6
Ra7# 0-1

[Event "PRO League Atlantic 2017"]
[Site "chess.com INT"]
[Date "2017.02.01"]
[Round "4"]
[White "Gurevich, Daniel"]
[Black "Sosa, Tomas ARG"]
[Result "1-0"]
[WhiteTitle "IM"]
[BlackTitle "IM"]
[WhiteElo "2455"]
[BlackElo "2451"]
[WhiteTeam "Atlanta Kings"]
[BlackTeam "Buenos Aires Krakens"]
[WhiteFideId "2044676"]
[BlackFideId "121576"]
[EventDate "2017.01.11"]

1. e4 e5 2. Nf3 Nc6 3. Bb5 a6 4. Ba4 Nf6 5. d3 b5 6. Bb3 Bc5 7. O-O O-O 8. c3
Bb6 9. Bg5 h6 10. Bh4 g5 11. Nxg5 hxg5 12. Bxg5 Kg7 13. Qf3 Rh8 14. a4 Rb8 15.
axb5 axb5 16. Nd2 Qe7 17. Kh1 d6 18. Qg3 Kf8 19. f4 Ke8 20. fxe5 Qxe5 21. Qxe5+
Nxe5 22. Bxf6 Rh7 23. Bxe5 dxe5 24. Rf6 Ke7 25. Raf1 Be6 26. Bxe6 fxe6 27. Rg6
Rbh8 28. h3 Rd8 29. Rff6 Rxd3 30. Rxe6+ Kd7 31. Nf3 Kc8 32. Nxe5 Rd1+ 33. Kh2
Bg1+ 34. Kg3 Rd2 35. Nc6 Kb7 36. Re8 Bc5 37. Rb8+ Ka6 38. Nb4+ Ka7 39. Rxb5 Bd6+
40. e5 Bxb4 41. Rxb4 Re7 42. e6 Re8 43. Re4 Rxb2 44. e7 Rc2 45. c4 Rd2 46. h4
Rd7 47. Rge6 c5 48. h5 Kb7 49. h6 Rd4 50. Rxd4 cxd4 51. Kf3 Kc7 52. Ke4 Kd7 53.
Re5 Rh8 54. e8=Q+ 1-0

[Event "PRO League Atlantic 2017"]
[Site "chess.com INT"]
[Date "2017.02.01"]
[Round "4"]
[White "Sosa, Tomas ARG"]
[Black "Moradiabadi, Elshan"]
[Result "1/2-1/2"]
[WhiteTitle "IM"]
[BlackTitle "GM"]
[WhiteElo "2451"]
[BlackElo "2574"]
[WhiteTeam "Buenos Aires Krakens"]
[BlackTeam "Atlanta Kings"]
[WhiteFideId "121576"]
[BlackFideId "12501255"]
[EventDate "2017.01.11"]

1. e4 g6 2. d4 Bg7 3. Nc3 d6 4. Nf3 a6 5. a4 Nc6 6. Be2 Nf6 7. O-O O-O 8. Be3
Bg4 9. Qd2 Qc8 10. Rad1 Rd8 11. Qc1 Rb8 12. h3 Bxf3 13. Bxf3 e5 14. dxe5 Nxe5
15. Be2 Re8 16. f4 Nc6 17. Bf3 Qe6 18. Rfe1 Nb4 19. Qd2 Nc6 20. Qd3 Nb4 21. Qd2
Nc6 22. Qd3 Rbd8 23. Nd5 Qc8 24. Nxf6+ Bxf6 25. Bg4 Qb8 26. c3 b5 27. axb5 axb5
28. Qd5 Na5 29. Bf2 c6 30. Qd3 Nc4 31. Re2 Nb6 32. Rde1 Na4 33. Qg3 Be7 34. b3
Nb6 35. e5 dxe5 36. fxe5 Nd5 37. e6 f5 38. Qxb8 Rxb8 39. Bf3 Nxc3 40. Rc2 b4 41.
Bxc6 Rec8 42. Bd7 Rd8 43. Ra1 Rb7 44. Bd4 Kf8 45. Ra6 Ne4 46. Rac6 Rbxd7 47.
exd7 Rxd7 48. Be5 Rd5 49. Bb8 Rd3 50. Rc8+ Kf7 51. Rh8 Rxb3 52. Rxh7+ Ke6 53.
Rc6+ Kd5 54. Rxg6 Bc5+ 55. Kh2 Rb1 56. Rd7+ Kc4 57. Ba7 b3 58. Bxc5 Nxc5 59. Rc7
b2 60. Rgc6 Rh1+ 61. Kxh1 b1=Q+ 62. Kh2 Qf1 63. Rxc5+ Kd4 64. Rc4+ Ke5 65. R4c5+
Kd4 66. Rc4+ Ke5 1/2-1/2

[Event "PRO League Atlantic 2017"]
[Site "chess.com INT"]
[Date "2017.02.01"]
[Round "4"]
[White "Sosa, Tomas ARG"]
[Black "Zapata, Alonso"]
[Result "1/2-1/2"]
[WhiteTitle "IM"]
[BlackTitle "GM"]
[WhiteElo "2451"]
[BlackElo "2418"]
[WhiteTeam "Buenos Aires Krakens"]
[BlackTeam "Atlanta Kings"]
[WhiteFideId "121576"]
[BlackFideId "4400011"]
[EventDate "2017.01.11"]

1. e4 c5 2. c3 Nf6 3. e5 Nd5 4. d4 cxd4 5. Nf3 d6 6. cxd4 Nc6 7. Bc4 e6 8. O-O
Be7 9. exd6 Qxd6 10. Nc3 Nxc3 11. bxc3 O-O 12. Bd3 b6 13. Qc2 g6 14. Bh6 Re8 15.
Be4 Bb7 16. Ne5 Nxe5 17. Bf4 Bxe4 18. Qxe4 Qc6 19. Qxe5 Rad8 20. Qe2 Bf6 21.
Rac1 Rc8 22. Rfd1 Red8 23. Be3 Qc4 24. Qb2 Rd5 25. h3 Rb5 26. Qd2 Ra5 27. Rc2
Ra3 28. Rdc1 b5 29. Rb1 a6 30. Rb4 Qd5 31. Bh6 Be7 32. Rb1 Bd6 33. Re1 Qc4 34.
Rec1 Ra4 35. Qg5 Rxa2 36. Qf6 Bf8 37. Rxa2 Qxa2 38. Bxf8 Rxf8 39. h4 h5 40. Re1
Qc2 41. Re5 Qxc3 42. Rg5 Qd3 43. g4 Rc8 44. gxh5 Qe4 45. Kh2 Qxh4+ 46. Kg2 Qe4+
47. Kh2 Rc1 48. Rg2 Qf5 49. Qxf5 exf5 50. hxg6 Rd1 51. Rg5 Rxd4 52. Rxf5 fxg6
53. Rf6 Ra4 54. Rxg6+ Kf7 55. Rb6 b4 56. Kg3 Ra3+ 57. Kg4 a5 58. f4 b3 59. Kf5
Ke7 60. Ke5 Kd7 61. f5 a4 62. f6 Ra1 63. f7 Rf1 64. Rf6 Rxf6 65. Kxf6 b2 66.
f8=Q b1=Q 67. Qe7+ Kc6 68. Qe8+ Kd6 69. Qxa4 Qf1+ 70. Kg6 Qg2+ 71. Kf6 Qf3+ 72.
Kg6 Qd3+ 73. Kf6 Qc3+ 74. Kg6 Qg3+ 75. Kf6 Qe5+ 76. Kg6 1/2-1/2

[Event "PRO League Atlantic 2017"]
[Site "chess.com INT"]
[Date "2017.02.01"]
[Round "4"]
[White "Rozman, Levy"]
[Black "Ruiz Castillo, Joshua Daniel"]
[Result "1/2-1/2"]
[WhiteTitle "FM"]
[BlackTitle "IM"]
[WhiteElo "2404"]
[BlackElo "2331"]
[WhiteTeam "Montclair Sopranos"]
[BlackTeam "Rio Grande Ospreys"]
[WhiteFideId "2039877"]
[BlackFideId "4400704"]
[EventDate "2017.01.11"]

1. d4 Nf6 2. Bg5 Ne4 3. h4 c5 4. d5 Nxg5 5. hxg5 Qb6 6. Nd2 Qxb2 7. g6 fxg6 8.
Ngf3 Qc3 9. Rb1 e6 10. e4 Be7 11. Rb3 Qa5 12. Ne5 Bg5 13. Nxg6 Rg8 14. Rxh7 exd5
15. exd5 Kd8 16. f4 Re8+ 17. Kf2 Bf6 18. Nc4 Bd4+ 19. Kg3 Qa6 20. Nce5 Qf6 21.
Qh5 d6 22. Bb5 Rg8 23. Nf3 Nd7 24. Bxd7 Kxd7 25. Nxd4 Qxd4 26. Qf5+ Kc7 27. Qf7+
Bd7 28. Rh4 b6 29. f5 Qd2 30. Rf3 Qe1+ 31. Kh2 Qe8 32. Qxe8 Raxe8 33. Rhf4 Re2
34. Rf2 Rxf2 35. Rxf2 b5 36. g4 c4 37. Kg3 Kb6 38. c3 Kc5 39. Kf4 Re8 40. g5
Kxd5 41. Rd2+ Kc5 42. f6 gxf6 43. gxf6 Be6 44. Kg5 Bf7 45. Ne7 Rh8 46. Kf5 Rh5+
47. Kf4 a5 48. Nf5 d5 49. Nd4 Rh6 50. Kg5 Rg6+ 51. Kf5 Rg1 52. Rf2 b4 53. Ne2
bxc3 54. Nxg1 d4 55. Ke4 d3 56. Ke3 Kb4 57. Nf3 Ka3 58. Ne5 c2 59. Kd2 Kb2 60.
Rf1 c3+ 61. Kxd3 c1=Q 62. Rxc1 Kxc1 63. Nxf7 Kb2 64. Ne5 c2 65. Nc4+ Kb1 66.
Nd2+ Kb2 67. Nb3 a4 68. f7 axb3 69. f8=Q c1=Q 70. axb3 Qc3+ 71. Ke4 Qxb3 72.
Qf2+ Qc2+ 73. Qxc2+ Kxc2 1/2-1/2

[Event "PRO League Atlantic 2017"]
[Site "chess.com INT"]
[Date "2017.02.01"]
[Round "4"]
[White "Pacheco, Daniel"]
[Black "Yudasin, Leonid"]
[Result "1/2-1/2"]
[WhiteTitle "FM"]
[BlackTitle "GM"]
[WhiteElo "2279"]
[BlackElo "2517"]
[WhiteTeam "Patagonia Penguins"]
[BlackTeam "New York Knights"]
[WhiteFideId "101680"]
[BlackFideId "2802341"]
[EventDate "2017.01.11"]

1. d4 Nf6 2. Nf3 e6 3. Bf4 c5 4. e3 Nc6 5. c3 d5 6. Nbd2 Qb6 7. Rb1 Nh5 8. Bg5
h6 9. Bh4 g5 10. Ne5 Ng7 11. Bg3 Nf5 12. Nxc6 Nxg3 13. hxg3 bxc6 14. Qa4 Bd7 15.
Be2 cxd4 16. Qxd4 Qxd4 17. cxd4 c5 18. dxc5 Bxc5 19. Rc1 Bb6 20. O-O Ke7 21. Ba6
Rab8 22. b3 g4 23. Rc2 h5 24. Rfc1 f5 25. Nf1 Kd6 26. Nd2 Ba5 27. Rd1 Ke7 28.
Rdc1 Bb4 29. Nb1 Bd6 30. Nc3 Ba3 31. Rd1 Rb6 32. Bd3 Bb4 33. Ne2 Rc8 34. Rdc1
Rxc2 35. Rxc2 Bd6 36. Nf4 Bxf4 37. gxf4 Kd6 38. g3 a5 39. Rc3 Rb8 40. a3 h4 41.
gxh4 Rh8 42. b4 axb4 43. axb4 Rxh4 44. Ra3 Rh8 45. Ra6+ Kc7 46. Ra7+ Kd6 47.
Ra6+ Kc7 48. Ra7+ Kd6 49. Kg2 Rb8 50. Ra6+ Ke7 51. b5 Bxb5 52. Ra7+ Kf6 53. Bxb5
Rxb5 54. Ra8 Rb4 55. Rf8+ Ke7 56. Ra8 d4 57. Ra7+ Kf6 58. Ra3 dxe3 59. fxe3 Rb2+
60. Kg3 Re2 61. Rb3 Ke7 62. Rd3 e5 63. Ra3 exf4+ 64. Kxf4 Rf2+ 65. Ke5 g3 66.
Ra7+ Kd8 67. Rg7 g2 68. Rg3 Ke7 69. Rg7+ Kf8 70. Rg5 Kf7 71. Rg3 Ke7 72. Rg7+
Kd8 73. Ke6 Kc8 74. Ke5 Kd8 1/2-1/2

[Event "PRO League Atlantic 2017"]
[Site "chess.com INT"]
[Date "2017.02.01"]
[Round "4"]
[White "Pacheco, Daniel"]
[Black "Biag, Ivan Gil"]
[Result "1/2-1/2"]
[WhiteTitle "FM"]
[BlackTitle "FM"]
[WhiteElo "2279"]
[BlackElo "2337"]
[WhiteTeam "Patagonia Penguins"]
[BlackTeam "New York Knights"]
[WhiteFideId "101680"]
[BlackFideId "5201624"]
[EventDate "2017.01.11"]

1. d4 d5 2. Nf3 Nf6 3. Bf4 c5 4. e3 Nc6 5. c3 Nh5 6. dxc5 Nxf4 7. exf4 e6 8. b4
Qc7 9. g3 a5 10. Bb5 Be7 11. Nbd2 axb4 12. cxb4 Bf6 13. Rb1 Rxa2 14. Ba4 O-O 15.
Qb3 Ra1 16. Rxa1 Bxa1 17. O-O Bf6 18. Rc1 Bd7 19. b5 Ne7 20. c6 bxc6 21. bxc6
Bxc6 22. Bxc6 Nxc6 23. Qc2 Rc8 24. Nb3 Bd8 25. Ng5 g6 26. Qe2 Bxg5 27. fxg5 Qd8
28. Qa6 Ne7 29. Rxc8 Qxc8 30. Qa7 Nf5 31. Nc5 Nd6 32. h4 Kg7 33. Kg2 h6 34. Qa1+
Kh7 35. gxh6 Kxh6 36. Nd7 Ne4 37. g4 Kh7 38. Ne5 Qc2 39. Qa7 Nd6 40. Nxf7 Qe4+
41. f3 Qe2+ 42. Kg3 Qe1+ 43. Kg2 Qe2+ 44. Kg1 Qe1+ 45. Kh2 Qe2+ 46. Kg1 Qe1+ 47.
Kg2 Qe2+ 1/2-1/2

[Event "PRO League Atlantic 2017"]
[Site "chess.com INT"]
[Date "2017.02.01"]
[Round "4"]
[White "Wang, Tianqi"]
[Black "Oussedik, Elias"]
[Result "0-1"]
[WhiteElo "2199"]
[BlackElo "2155"]
[WhiteTeam "Carolina Cobras"]
[BlackTeam "Montreal ChessBrahs"]
[WhiteFideId "2063824"]
[BlackFideId "2605341"]
[EventDate "2017.01.11"]

1. d4 e6 2. Bf4 c5 3. e3 Nf6 4. Nf3 b6 5. h3 Bb7 6. Nbd2 cxd4 7. exd4 Be7 8. c3
O-O 9. Be2 d6 10. a4 Nc6 11. O-O Rc8 12. Bh2 Qc7 13. Nc4 Rfd8 14. a5 b5 15. a6
bxc4 16. axb7 Qxb7 17. Bxc4 Qxb2 18. Qd3 Qb6 19. Ra4 Rb8 20. Bg3 Nh5 21. Bh2 Nf6
22. Rfa1 a5 23. Qe2 Qb2 24. Qe3 Nd5 25. Bxd5 exd5 26. Bf4 Rb3 27. Rc1 Ra3 28.
Rxa3 Qxa3 29. Bg5 Bxg5 30. Qxg5 h6 31. Qf4 Qb2 32. c4 Nb4 33. Qe3 a4 34. Rc3 Ra8
35. Kh2 dxc4 36. Rxc4 a3 37. Nd2 a2 38. Nb3 Nd5 39. Qf3 Qxb3 40. Qxb3 a1=Q 41.
Rc6 Qxd4 42. Rxd6 Qf4+ 43. Qg3 Qxg3+ 44. Kxg3 Nf6 45. f3 Ra2 46. Rc6 Ra3 47. h4
Kh7 48. Kf4 Ra4+ 49. Kg3 Nh5+ 50. Kh3 Nf4+ 51. Kg3 Ne6 52. Kh3 Nf4+ 53. Kg3 Ng6
54. h5 Nf4 55. Rc5 Ne6 56. Rd5 Rd4 57. Ra5 Rc4 58. Rf5 Kg8 59. Ra5 Rc5 60. Ra8+
Kh7 61. Ra7 Rg5+ 62. Kf2 Kg8 63. g4 Rd5 64. Ra8+ Kh7 65. Ra7 Kg8 66. Ra8+ Rd8
67. Ra7 Rc8 68. Kg3 Rc7 69. Ra8+ Kh7 70. Ra5 Rd7 71. Rf5 Kg8 72. Ra5 Kf8 73. Kf2
Rd2+ 74. Ke3 Rc2 75. Ra7 Rc7 76. Ra5 Ng5 77. f4 Ne6 78. g5 Rc5 79. Ra8+ Ke7 80.
Ra7+ Ke8 81. Ra8+ Nd8 82. Kd4 Rb5 83. g6 fxg6 84. hxg6 Ke7 85. Ke4 Rb7 86. f5
Rb4+ 87. Kd5 Rb1 88. Ra7+ Kf6 89. Ra8 Kxf5 90. Kd6 Rd1+ 91. Ke7 Kxg6 0-1

[Event "PRO League Atlantic 2017"]
[Site "chess.com INT"]
[Date "2017.02.01"]
[Round "4"]
[White "Baker, Vincent J"]
[Black "Barnett, Alexander"]
[Result "0-1"]
[BlackTitle "FM"]
[WhiteElo "1960"]
[BlackElo "2190"]
[WhiteTeam "Columbus Cardinals"]
[BlackTeam "Miami Champions"]
[WhiteFideId "30911974"]
[BlackFideId "2019906"]
[EventDate "2017.01.11"]

1. e4 c5 2. Nf3 e6 3. d4 cxd4 4. Nxd4 a6 5. Nc3 b5 6. Be3 Bb7 7. f3 Qc7 8. Qd2
Nf6 9. a3 d5 10. exd5 Nxd5 11. Nxd5 Bxd5 12. Be2 Bd6 13. O-O-O O-O 14. Kb1 Rc8
15. Bd3 Nd7 16. h4 Ne5 17. h5 Rab8 18. f4 Nc4 19. Bxc4 bxc4 20. Qc3 Bf8 21. f5
Rb7 22. fxe6 fxe6 23. Rhf1 Rcb8 24. Bc1 Bd6 25. Rde1 Be5 26. Ka1 Rd8 27. Qe3
Bxd4 28. Qxd4 Bxg2 29. Qe3 Bxf1 30. Qxe6+ Qf7 31. Qe4 Rbb8 32. h6 Re8 0-1

[Event "PRO League Central 2017"]
[Site "chess.com INT"]
[Date "2017.01.11"]
[Round "1"]
[White "Spoelman, Wouter"]
[Black "Blomqvist, Erik"]
[Result "1-0"]
[WhiteTitle "GM"]
[BlackTitle "GM"]
[WhiteElo "2584"]
[BlackElo "2574"]
[WhiteTeam "Amsterdam Mosquitos"]
[BlackTeam "Stockholm Snowballs"]
[WhiteFideId "1010891"]
[BlackFideId "1709437"]
[EventDate "2017.01.11"]

1. c4 Nf6 2. Nc3 c5 3. Nf3 e6 4. g3 b6 5. Bg2 Bb7 6. O-O Be7 7. Re1 d5 8. cxd5
Nxd5 9. e4 Nb4 10. d4 cxd4 11. Nxd4 N8c6 12. Nxc6 Qxd1 13. Rxd1 Bxc6 14. a3 Nc2
15. Ra2 Rd8 16. Rxd8+ Kxd8 17. b4 Nd4 18. Rd2 e5 19. Ne2 Kc7 20. Nxd4 exd4 21.
Rxd4 a5 22. Bf4+ Kb7 23. Bf1 axb4 24. axb4 b5 25. Bd6 Bd8 26. Bc5 Bf6 27. Rd6
Be7 28. Rxc6 Kxc6 29. Bxe7 1-0

[Event "PRO League Central 2017"]
[Site "chess.com INT"]
[Date "2017.01.11"]
[Round "1"]
[White "Spoelman, Wouter"]
[Black "Agrest, Evgenij"]
[Result "1-0"]
[WhiteTitle "GM"]
[BlackTitle "GM"]
[WhiteElo "2584"]
[BlackElo "2593"]
[WhiteTeam "Amsterdam Mosquitos"]
[BlackTeam "Stockholm Snowballs"]
[WhiteFideId "1010891"]
[BlackFideId "1705024"]
[EventDate "2017.01.11"]

1. c4 c6 2. Nc3 d5 3. e3 Nf6 4. Nf3 a6 5. Qc2 Bg4 6. Ne5 Bh5 7. d4 e6 8. Bd3
Nbd7 9. f4 Bg6 10. O-O dxc4 11. Nxc4 Be7 12. a4 Bxd3 13. Qxd3 O-O 14. a5 c5 15.
d5 exd5 16. Nxd5 Nxd5 17. Qxd5 Qc7 18. b3 Bf6 19. Ra2 Rfd8 20. Qf3 b5 21. axb6
Nxb6 22. g4 Nxc4 23. bxc4 Bc3 24. g5 a5 25. Rc2 Bb4 26. Bb2 Ra6 27. h4 Qc6 28.
e4 Qa4 29. Rg2 Rad6 30. f5 Rd1 31. Kh2 Rxf1 32. Qxf1 Qd1 33. Qf4 Qe1 34. g6 hxg6
35. fxg6 f6 36. Bxf6 Rf8 37. Qc7 Rxf6 38. Qd8+ Rf8 39. Qd5+ 1-0

[Event "PRO League Central 2017"]
[Site "chess.com INT"]
[Date "2017.01.11"]
[Round "1"]
[White "Astaneh Lopez, Alex"]
[Black "Ladokun, Kolawole Akinyemi"]
[Result "1-0"]
[WhiteTitle "IM"]
[WhiteElo "2417"]
[BlackElo "1934"]
[WhiteTeam "Dublin Desperados"]
[BlackTeam "Lagos Leatherbacks"]
[WhiteFideId "2501430"]
[BlackFideId "8501467"]
[EventDate "2017.01.11"]

1. d4 d5 2. c4 c6 3. Nf3 Nf6 4. e3 Bf5 5. Nc3 e6 6. Nh4 Bg4 7. Qb3 Qb6 8. h3 Bh5
9. c5 Qc7 10. g4 Bg6 11. Nxg6 hxg6 12. Bg2 b6 13. cxb6 axb6 14. Bd2 Nbd7 15. Rc1
Be7 16. g5 Nh5 17. Nxd5 exd5 18. Bxd5 O-O 19. Rxc6 Qa7 20. h4 Qa4 21. Qxa4 Rxa4
22. Rc7 Rd8 23. Bc6 Rxa2 24. Ke2 Nb8 25. Be4 Bd6 26. Rxf7 Rxb2 27. Bxg6 Bb4 28.
Rd1 Nc6 29. Rc7 Nxd4+ 30. Kf1 Bxd2 31. Bxh5 Nf5 32. Bf7+ Kf8 33. h5 Nd6 34. Be6
Nb5 35. Rf7+ Ke8 36. Rxg7 Nc3 37. h6 Nxd1 38. h7 Nxe3+ 39. fxe3 Rb1+ 40. Kg2 1-0

[Event "PRO League Central 2017"]
[Site "chess.com INT"]
[Date "2017.01.11"]
[Round "1"]
[White "Astaneh Lopez, Alex"]
[Black "Oragwu, Chukwunonso"]
[Result "1-0"]
[WhiteTitle "IM"]
[BlackTitle "CM"]
[WhiteElo "2417"]
[BlackElo "2155"]
[WhiteTeam "Dublin Desperados"]
[BlackTeam "Lagos Leatherbacks"]
[WhiteFideId "2501430"]
[BlackFideId "8501254"]
[EventDate "2017.01.11"]

1. d4 Nf6 2. Nf3 g6 3. Bf4 Bg7 4. e3 d6 5. h3 O-O 6. c3 Nc6 7. Nbd2 Nd7 8. Bg3
e5 9. Bb5 f5 10. Bxc6 bxc6 11. dxe5 Nxe5 12. Nxe5 dxe5 13. Nf3 Qe7 14. O-O Kh8
15. Qa4 Bd7 16. Rad1 Be8 17. Qa5 f4 18. exf4 exf4 19. Rfe1 Qf7 20. Bh4 Bf6 21.
Bxf6+ Qxf6 22. Qxc7 Rf7 23. Qa5 h6 24. Qc5 Qg7 25. Rd6 Rf5 26. Re5 Rf7 27. Qd4
Kh7 28. Qe4 Bd7 29. Nh4 Rg8 30. Rxg6 Qxg6 31. Nxg6 Rxg6 32. h4 Kg7 33. Re7 Rf6
34. Rxf7+ Kxf7 35. Qd4 Bg4 36. Qxa7+ Kg6 37. f3 Bf5 38. Qd4 Bb1 39. h5+ Kg7 40.
a4 Kf7 41. a5 c5 42. Qd5+ Kg7 43. a6 Rxa6 44. Qb7+ 1-0

[Event "PRO League Central 2017"]
[Site "chess.com INT"]
[Date "2017.01.11"]
[Round "1"]
[White "Thorfinnsson, Bragi"]
[Black "Colpe, Malte"]
[Result "1-0"]
[WhiteTitle "IM"]
[WhiteElo "2453"]
[BlackElo "2413"]
[WhiteTeam "Reykjavik Puffins"]
[BlackTeam "Hamburg Swashbucklers"]
[WhiteFideId "2300958"]
[BlackFideId "24623075"]
[EventDate "2017.01.11"]

1. d4 Nf6 2. c4 g6 3. Nc3 Bg7 4. e4 d6 5. f4 O-O 6. Nf3 c5 7. d5 e6 8. Be2 exd5
9. cxd5 Re8 10. e5 dxe5 11. fxe5 Ng4 12. Bg5 Qb6 13. O-O h6 14. Bc1 c4+ 15. Kh1
Nf2+ 16. Rxf2 Qxf2 17. Ne4 Qb6 18. Nd6 Rd8 19. Nxc4 Qc5 20. d6 Be6 21. Be3 Qd5
22. Qc2 Bf5 23. Qc3 Nc6 24. Rd1 Qe6 25. Nd4 Nxd4 26. Bxd4 Rac8 27. Qb4 Bg4 28.
Bxg4 Qxg4 29. Ne3 Qe4 30. Qa5 b6 31. Qb5 Qc6 32. Qb3 Qe4 33. Nd5 Kh7 34. Bc3
Bxe5 35. Nf6+ Bxf6 36. Qxf7+ Kh8 37. Bxf6# 1-0

[Event "PRO League Central 2017"]
[Site "chess.com INT"]
[Date "2017.01.11"]
[Round "1"]
[White "Thorfinnsson, Bragi"]
[Black "Lampert, Jonas"]
[Result "1/2-1/2"]
[WhiteTitle "IM"]
[BlackTitle "IM"]
[WhiteElo "2453"]
[BlackElo "2510"]
[WhiteTeam "Reykjavik Puffins"]
[BlackTeam "Hamburg Swashbucklers"]
[WhiteFideId "2300958"]
[BlackFideId "1303759"]
[EventDate "2017.01.11"]

1. e4 e5 2. Nf3 Nc6 3. d4 exd4 4. Nxd4 Bc5 5. Nb3 Bb6 6. Nc3 Nf6 7. Bg5 h6 8.
Bh4 d6 9. Qe2 Nd4 10. Nxd4 Bxd4 11. O-O-O Bxc3 12. bxc3 Qe7 13. f3 Bd7 14. c4
Bc6 15. Qd3 Qe5 16. Kb1 O-O-O 17. Bf2 Kb8 18. Bd4 Qa5 19. Ka1 Rhe8 20. Rb1 b6
21. Be2 Re6 22. Rhd1 Rde8 23. g4 g5 24. Rb3 Nd7 25. Ra3 Nc5 26. Qe3 Na4 27. Rb1
Bxe4 28. fxe4 Rxe4 29. Qb3 Rxd4 30. Rxa4 Qe5 31. Qc3 Rd2 32. Qxe5 Rxe5 33. Bd3
Rxh2 34. Rf1 h5 35. gxh5 g4 36. c5 Rg5 37. c6 g3 38. Rxf7 a5 39. Re4 Rg8 40. Bf1
g2 41. Bxg2 Rhxg2 42. Kb2 R2g7 43. Rxg7 Rxg7 44. h6 Rh7 45. Rh4 Ka7 46. Kc3 b5
47. Kd4 Kb6 48. Kd5 b4 49. Rh1 Kb5 50. Rh3 a4 51. Rh5 a3 52. Kd4+ Kxc6 53. Kc4
d5+ 54. Kxb4 Kb6 55. Kxa3 c5 56. Kb3 Kb5 57. a4+ Kc6 58. Kc3 Kb6 59. Kb3 Kc6 60.
Rh1 Kb6 61. Rh5 Kc6 1/2-1/2

[Event "PRO League Central 2017"]
[Site "chess.com INT"]
[Date "2017.01.11"]
[Round "1"]
[White "Bacrot, Etienne"]
[Black "Arkell, Keith C"]
[Result "1/2-1/2"]
[WhiteTitle "GM"]
[BlackTitle "GM"]
[WhiteElo "2695"]
[BlackElo "2438"]
[WhiteTeam "Marseille Migraines"]
[BlackTeam "London Towers"]
[WhiteFideId "605506"]
[BlackFideId "400270"]
[EventDate "2017.01.11"]

1. e4 c6 2. Nc3 d5 3. Nf3 Bg4 4. h3 Bxf3 5. Qxf3 Nf6 6. d4 dxe4 7. Qe3 Nbd7 8.
Nxe4 Nxe4 9. Qxe4 Nf6 10. Qd3 g6 11. Be2 Bg7 12. c3 O-O 13. Bd2 Re8 14. f4 e6
15. O-O Qc7 16. Rad1 Rad8 17. Qf3 a6 18. Kh1 Rd7 19. Bc1 b5 20. Qe3 Nd5 21. Qf2
Rc8 22. a3 c5 23. dxc5 Qxc5 24. Qxc5 Rxc5 25. Bf3 h5 26. Rd3 a5 27. Rfd1 h4 28.
Kg1 b4 29. axb4 axb4 30. cxb4 Rb5 31. Bxd5 exd5 32. Rb3 Rc7 33. Bd2 Rc2 34. Bc3
d4 35. Be1 g5 36. Kf1 gxf4 37. Bxh4 f3 38. Rxf3 Rxb4 39. b3 Rc3 40. Be1 Rxf3+
41. gxf3 Rxb3 42. Kf2 Bh6 43. Bd2 Bxd2 44. Rxd2 Rb4 45. Kg3 Kg7 46. Rd3 Kg6 47.
Kg4 f5+ 48. Kf4 Kf6 49. h4 Ra4 50. h5 Rb4 51. h6 Kg6 52. h7 Kxh7 53. Kxf5 Kg7
54. Ke5 Kf7 55. Rxd4 Rxd4 56. Kxd4 Kf6 57. Ke4 1/2-1/2

[Event "PRO League Central 2017"]
[Site "chess.com INT"]
[Date "2017.01.11"]
[Round "1"]
[White "Bacrot, Etienne"]
[Black "Ansell, Simon T"]
[Result "1-0"]
[WhiteTitle "GM"]
[BlackTitle "IM"]
[WhiteElo "2695"]
[BlackElo "2349"]
[WhiteTeam "Marseille Migraines"]
[BlackTeam "London Towers"]
[WhiteFideId "605506"]
[BlackFideId "402141"]
[EventDate "2017.01.11"]

1. e4 c5 2. Nf3 Nc6 3. Nc3 e5 4. Bc4 Be7 5. d3 d6 6. Nd2 Bg5 7. Nf1 Bxc1 8. Rxc1
Nge7 9. Ne3 O-O 10. O-O Be6 11. Ncd5 Bxd5 12. Nxd5 Rb8 13. a3 b5 14. Ba2 Nxd5
15. Bxd5 Ne7 16. Ba2 Qc7 17. c3 a5 18. Qe2 a4 19. f4 exf4 20. Rxf4 d5 21. Rcf1
c4 22. R4f2 Rbe8 23. Qc2 dxe4 24. dxc4 f5 25. cxb5+ Kh8 26. Qxe4 Qc5 27. Qxa4
Nc8 28. Qc4 Qe3 29. Qd4 Qxd4 30. cxd4 Nd6 31. a4 Re4 32. Rd2 g5 33. b6 f4 34. a5
g4 35. a6 f3 36. a7 Kg7 37. Bd5 f2+ 38. Rdxf2 1-0

[Event "PRO League Central 2017"]
[Site "chess.com INT"]
[Date "2017.01.11"]
[Round "1"]
[White "Karlsson, Bjorn-Ivar"]
[Black "Svane, Rasmus"]
[Result "0-1"]
[WhiteTitle "FM"]
[BlackTitle "GM"]
[WhiteElo "2315"]
[BlackElo "2560"]
[WhiteTeam "Reykjavik Puffins"]
[BlackTeam "Hamburg Swashbucklers"]
[WhiteFideId "2301687"]
[BlackFideId "4657101"]
[EventDate "2017.01.11"]

1. e4 c6 2. c4 d5 3. exd5 cxd5 4. cxd5 Nf6 5. Nc3 Nxd5 6. Nf3 Nc6 7. Bb5 e6 8.
d4 Be7 9. O-O O-O 10. Re1 Bd7 11. a3 Rc8 12. Bd3 Bf6 13. Be4 Nce7 14. Qd3 h6 15.
Bd2 Bc6 16. Ne5 Bxe5 17. dxe5 Nxc3 18. Bxc3 Qxd3 19. Bxd3 Rfd8 20. Red1 Ba4 21.
Rd2 Nd5 22. Bd4 Nf4 23. Bf1 a6 24. g3 Ng6 25. Bg2 Bc6 26. Rad1 Bxg2 27. Kxg2 Rd5
28. f4 Ne7 29. Kf3 Kh7 30. Bc3 Rxd2 31. Rxd2 Nd5 32. Rd3 Rc5 33. Ke4 Rc4+ 34.
Kf3 Kg6 35. Rd4 Rc5 36. Rd3 Kh5 37. h3 g5 38. g4+ Kg6 39. Bd2 gxf4 40. Bxf4 Rc4
41. Bd2 Rc2 42. h4 h5 43. b4 hxg4+ 44. Kxg4 Rc4+ 45. Kg3 Re4 46. Bc3 Kh5 47. Kf3
Rxh4 48. Bd4 Kg6 49. Kf2 Kf5 50. Rf3+ Ke4 51. Ba1 Rh2+ 52. Kg3 Rh3+ 53. Kxh3
Kxf3 54. Kh4 Kf4 55. Kh5 Kf5 56. Kh6 f6 57. exf6 Nxf6 58. Kg7 e5 59. Kf7 Nd5 60.
Ke8 e4 61. Bd4 Ke6 62. Kd8 Kd6 63. Kc8 Kc6 64. Kb8 e3 65. a4 e2 66. b5+ axb5 67.
axb5+ Kxb5 68. Bf2 Kc6 69. Ka7 Nf4 0-1